[Event "I Gedeon Barcza Mem"]
[Site "Budapest HUN"]
[Date "2008.10.29"]
[Round "4"]
[White "Ruck,R1"]
[Black "Papp,Ga"]
[Result "1/2-1/2"]
[WhiteElo "2574"]
[BlackElo "2509"]

1.d4 Nf6 2.c4 e6 3.g3 d5 4.Bg2 Be7 5.Nf3 O-O 6.O-O dxc4 7.Qc2 a6 8.a4 Bd7
9.Qxc4 Bc6 10.Bg5 Bd5 11.Qc2 Be4 12.Qc1 h6 13.Bf4 Nd5 14.Nc3 Nxc3 15.bxc3 Nc6
16.Rd1 Na5 17.Qb2 Nc4 18.Qb3 Na5 19.Qb2 Nc4 20.Qb3 Na5 21.Qa2 b5 22.Nd2 Bxg2
23.Kxg2 Bd6 24.Bxd6 Qxd6 25.f3 Rfb8 26.axb5 axb5 27.Qa3 Qxa3 28.Rxa3 Nc4
29.Nxc4 bxc4 30.Rda1 Rxa3 31.Rxa3 Rb3 32.Ra8+ Kh7 33.Ra7 Rxc3 34.Rxc7 Kg6  1/2-1/2

[Event "USCL 2008"]
[Site "ICC INT"]
[Date "2008.10.29"]
[Round "10"]
[White "Strunk,A"]
[Black "Bayaraa,Z"]
[Result "0-1"]
[WhiteElo "2124"]
[BlackElo "2203"]

1.d4 Nf6 2.c4 e6 3.g3 d5 4.Bg2 Be7 5.Nf3 c6 6.Nc3 O-O 7.O-O Nbd7 8.Qd3 Re8
9.Rd1 b6 10.e4 dxe4 11.Nxe4 Bb7 12.Bf4 Nxe4 13.Qxe4 Nf6 14.Qe2 Qc8 15.Bh3 Bf8
16.Qc2 Nh5 17.Ng5 g6 18.Be3 Qc7 19.c5 e5 20.dxe5 Qxe5 21.Rd7 Bc8 22.Rxf7 Bxh3
23.Rxh7 Bf5 24.Qa4 b5 25.Qh4 Be7 26.Bd4 Bxg5 27.Qxg5 Qxd4 28.Rxh5 Re2 29.Rf1 Qg4
30.Qxg4 Bxg4 31.Rg5 Bf5 32.h4 Kg7 33.g4 Bc2 34.Kg2 Rf8 35.Kg3 Be4 36.f3 Re3
37.Re5 Rf7 38.Rf2 Rexf3+ 39.Rxf3 Bxf3 40.a3 a5 41.b4 a4 42.Re3 Bd5 43.g5 Rf1
44.Kg4 Kf7 45.Kg3 Rb1 46.Kf4 Rb3 47.Rg3 Rxg3 48.Kxg3 Ke6 49.Kg4 Be4 50.h5 gxh5+
51.Kxh5 Ke5 52.Kh6 Kd4 53.g6 Kc3 54.g7 Bd5 55.Kg6 Kb3 56.Kf6 Kxa3 57.Ke5 Kxb4
58.Kd6 a3  0-1

[Event "Open A"]
[Site "Le Touquet FRA"]
[Date "2008.10.29"]
[Round "6"]
[White "Housieaux,D"]
[Black "Briscoe,C"]
[Result "1-0"]
[WhiteElo "2425"]
[BlackElo "2253"]

1.d4 Nf6 2.c4 e6 3.g3 d5 4.Nf3 Be7 5.Bg2 O-O 6.O-O dxc4 7.Qc2 a6 8.Qxc4 b5
9.Qc2 Bb7 10.Bd2 Ra7 11.Rc1 Be4 12.Qb3 Nc6 13.e3 Qa8 14.Qd1 b4 15.Be1 e5
16.Nbd2 Bd5 17.dxe5 Nxe5 18.Nxe5 Bxg2 19.f3 Qd5 20.Ndc4 Bh3 21.Qxd5 Nxd5
22.Nc6 Rb7 23.Rd1 Bf6 24.Rxd5 Be6 25.Rc5 Re8 26.N4e5 Rb6 27.f4 g5 28.Rac1 gxf4
29.gxf4 Kh8 30.b3 Rg8+ 31.Bg3 h5 32.Nf3 Bg4 33.Kf2 Bb2 34.R1c2 Bc3 35.h3 Be6
36.Rxh5+ Kg7 37.Nfd4 Kf6 38.Bh4+ Kg6 39.Rg5+ Kh7 40.Rxg8 Kxg8 41.f5 Bd7 42.Ne7+ Kf8
43.Nd5 Rh6 44.Be7+ Kg7 45.Nxc3 c5 46.Bxc5 bxc3 47.Rxc3 Rxh3 48.Bd6  1-0

[Event "21st Belgrade Trophy"]
[Site "Obrenovac SRB"]
[Date "2008.11.01"]
[Round "5"]
[White "Lisicic,N"]
[Black "Karaklajic,N"]
[Result "0-1"]
[WhiteElo "2181"]
[BlackElo "2303"]

1.c4 e6 2.g3 d5 3.d4 Nf6 4.Bg2 Be7 5.Nf3 O-O 6.O-O Nbd7 7.Qc2 c6 8.Nbd2 b6
9.b3 Bb7 10.e4 Rc8 11.Bb2 Qc7 12.exd5 cxd5 13.Ne5 dxc4 14.bxc4 Bxg2 15.Kxg2 Nxe5
16.dxe5 Nd7 17.Rfe1 b5 18.Re4 Nb6 19.Rc1 bxc4 20.Bc3 Rfd8 21.Ba5 Qb7 22.Nf3 Rd3
23.Qe2 Qd5 24.Bc3 h6 25.Ne1 Na4 26.Ba1 Rd2 27.Qf3 Rxa2 28.Nc2 Qd2 29.Rd1 Qxc2
30.Rd7 Nc5  0-1

[Event "12th OIBM"]
[Site "Bad Wiessee GER"]
[Date "2008.11.02"]
[Round "2"]
[White "Lauber,A"]
[Black "Guenther,T"]
[Result "1-0"]
[WhiteElo "2497"]
[BlackElo "2151"]

1.d4 Nf6 2.c4 e6 3.Nf3 d5 4.g3 Be7 5.Bg2 O-O 6.O-O c6 7.Qc2 Nbd7 8.Nbd2 b6
9.e4 dxe4 10.Nxe4 Bb7 11.Rd1 Qc8 12.Nxf6+ Nxf6 13.c5 bxc5 14.dxc5 h6 15.Bd2 Nd5
16.Ba5 Ba6 17.Nd2 Rb8 18.Ne4 Rb5 19.Qd2 Bxc5 20.Bf1 Bb4 21.Nf6+ Nxf6 22.Bxb4 Rd5
23.Qc2 Rfd8 24.Bg2 Rxd1+ 25.Rxd1 Rxd1+ 26.Qxd1 Nd5 27.Bc5 Qb7 28.b3 Qc7 29.Qd2 Bc8
30.h3 a6 31.Kh2 Bb7 32.Qb2 e5 33.Qa3 f6 34.Bf1 Qd7 35.Bxa6 Qf5 36.Bxb7 Nf4
37.gxf4 Qxf4+ 38.Kg1 Qf3 39.Qc1  1-0

[Event "IX Rapid Open"]
[Site "El Sauzal ESP"]
[Date "2008.11.02"]
[Round "8"]
[White "Hernandez Leon,A"]
[Black "Machin Arbelo,P"]
[Result "1/2-1/2"]
[WhiteElo "2235"]
[BlackElo "2134"]

1.d4 Nf6 2.Nf3 e6 3.c4 d5 4.g3 Be7 5.Bg2 O-O 6.O-O dxc4 7.Qc2 a6 8.Qxc4 b5
9.Qc2 Bb7 10.Bf4 Nc6 11.Rd1 Nb4 12.Qc1 Rc8 13.Nc3 Nbd5 14.Bd2 c5 15.dxc5 Bxc5
16.a3 Qb6 17.e3 Nxc3 18.Bxc3 Ne4 19.Ne5 Nxc3 20.Qxc3 Bxg2 21.Kxg2 Bd6 22.Qd4 Qxd4
23.exd4 Rc2 24.Nd3 Rd8 25.b4 Be7 26.Ne5 Bf6 27.Kf3 Kf8  1/2-1/2

[Event "12th OIBM"]
[Site "Bad Wiessee GER"]
[Date "2008.11.03"]
[Round "3"]
[White "Andersson,U"]
[Black "Goellner,K"]
[Result "1-0"]
[WhiteElo "2562"]
[BlackElo "2046"]

1.Nf3 d5 2.d4 Nf6 3.c4 e6 4.g3 Be7 5.Bg2 O-O 6.O-O c6 7.Nc3 b6 8.Ne5 Bb7
9.e4 a6 10.Bf4 Ra7 11.a3 Ba8 12.Re1 Ne8 13.Qb3 dxc4 14.Qxc4 Nd6 15.Qb3 Nb5
16.Nxb5 axb5 17.Rad1 Nd7 18.d5 cxd5 19.exd5 exd5 20.Bxd5 Bxd5 21.Qxd5 Nxe5
22.Qxe5 Qc8 23.Qxb5 Bd8 24.Re8  1-0

[Event "21st Belgrade Trophy"]
[Site "Obrenovac SRB"]
[Date "2008.11.03"]
[Round "7"]
[White "Simic,R"]
[Black "Pushkov,N"]
[Result "1/2-1/2"]
[WhiteElo "2373"]
[BlackElo "2514"]

1.c4 e6 2.g3 d5 3.Bg2 Nf6 4.Nf3 Be7 5.d4 O-O 6.O-O c6 7.Qc2 Nbd7 8.Rd1 b6
9.b3 Ba6 10.Nc3 dxc4 11.bxc4 Bxc4 12.e4 Ba6 13.Bf4 Bb7 14.a4 Qc8 15.a5 bxa5
16.Nd2 Nb6 17.Nb3 Nc4 18.Nxa5  1/2-1/2

[Event "21st Belgrade Trophy"]
[Site "Obrenovac SRB"]
[Date "2008.11.03"]
[Round "7"]
[White "Lisicic,N"]
[Black "Katic,G"]
[Result "0-1"]
[WhiteElo "2181"]
[BlackElo "2070"]

1.d4 Nf6 2.c4 e6 3.g3 d5 4.Bg2 Be7 5.Nf3 O-O 6.O-O c6 7.Qc2 Nbd7 8.Nbd2 b5
9.b3 bxc4 10.bxc4 Ba6 11.e4 Nxe4 12.Nxe4 dxe4 13.Ng5 Ne5 14.dxe5 Qd4 15.Rd1 Qxc4
16.Qxe4 Rad8 17.Be3 Rxd1+ 18.Rxd1 Qxa2 19.Qxc6 Be2 20.Rc1 a6 21.Be4 Bb5 22.Qb7 Ba3
23.Rd1 Qc4 24.h4 Qc8 25.Qb6 Qb8 26.Qd4 Be7  0-1

[Event "FSIMA November"]
[Site "Budapest HUN"]
[Date "2008.11.04"]
[Round "4"]
[White "Bacso,G"]
[Black "Kjartansson,G"]
[Result "0-1"]
[WhiteElo "2181"]
[BlackElo "2284"]

1.d4 Nf6 2.c4 e6 3.Nf3 d5 4.g3 Be7 5.Bg2 O-O 6.O-O dxc4 7.Qa4 a6 8.Qxc4 b5
9.Qc2 Bb7 10.Bf4 Nc6 11.Nc3 Rc8 12.Rad1 Nb4 13.Qb1 Nbd5 14.Nxd5 Bxd5 15.Ne5 Bxg2
16.Kxg2 Qd5+ 17.Kg1 Rfd8 18.Rfe1 Qb7 19.Bg5 h6 20.Bxf6 Bxf6 21.b4 Bxe5 22.dxe5 Rd5
23.e4 Rxd1 24.Rxd1 c5 25.bxc5 Rxc5 26.f4 Qc6 27.Kg2 Rc2+ 28.Kf3 Qc3+ 29.Kg4 Rxh2
30.Qd3 h5+ 31.Kg5 Qc5 32.Qd6 Qf2 33.Rd3 Qe2  0-1

[Event "I Gedeon Barcza Mem"]
[Site "Budapest HUN"]
[Date "2008.11.04"]
[Round "9"]
[White "Romanishin,O"]
[Black "Papp,Ga"]
[Result "1-0"]
[WhiteElo "2532"]
[BlackElo "2509"]

1.d4 Nf6 2.Nf3 e6 3.g3 d5 4.Bg2 Be7 5.c4 O-O 6.O-O dxc4 7.Qc2 a6 8.a4 Bd7
9.Qxc4 Bc6 10.Bg5 Bd5 11.Qd3 c5 12.Nc3 Bc6 13.Rfd1 cxd4 14.Nxd4 Bxg2 15.Kxg2 Nbd7
16.Qf3 Qb8 17.Bf4 Qa7 18.e4 g6 19.e5 Nh5 20.Nf5 Nxf4+ 21.gxf4 gxf5 22.Rxd7 Qc5
23.Rxb7 Bh4 24.Ne2 Rab8 25.Rc1 Qa5 26.Kh3 Rxb7 27.Qxb7 Kh8 28.Kxh4 Qd8+ 29.Kh3 Rg8
30.Ng3 Qd2 31.Rc8 Qxf2 32.Qxf7  1-0

[Event "12th OIBM"]
[Site "Bad Wiessee GER"]
[Date "2008.11.09"]
[Round "9"]
[White "Reefschlaeger,H"]
[Black "Zude,A"]
[Result "0-1"]
[WhiteElo "2321"]
[BlackElo "2451"]

1.d4 Nf6 2.c4 e6 3.g3 d5 4.Bg2 Be7 5.Nf3 O-O 6.O-O dxc4 7.Qc2 a6 8.a4 Bd7
9.Rd1 Bc6 10.Nc3 Bxf3 11.Bxf3 Nc6 12.Bxc6 bxc6 13.Bg5 Rb8 14.a5 Rb4 15.Na2 Rb5
16.Bxf6 Bxf6 17.Qxc4 Qd5 18.Qxd5 cxd5 19.b4 Be7 20.Rdc1 Bd6 21.Rc6 Ra8 22.Rb1 Ra7
23.e3 Kf8 24.Kf1 Ke7 25.Ke2 Kd7 26.Rc3 Rab7 27.Rcb3 c5 28.dxc5 Bxc5 29.Kd3 Bd6
30.f4 f5 31.Kc3 Rc7+ 32.Kd3 Rc4 33.Rc3 Bxb4 34.Rxc4 dxc4+ 35.Kxc4 Bxa5 36.Rxb5 axb5+
37.Kxb5 Bd2 38.Kc4 Bxe3 39.Nc3 g5 40.fxg5 Bxg5 41.Kd3 Bf6 42.Ne2 Be5 43.Ke3 Ke7
44.Kf3 Kf6 45.g4 Kg5 46.gxf5 Kxf5 47.h3 h6 48.Ke3 h5 49.Kf3 h4 50.Ke3 Bb2
51.Ng1 Bc1+ 52.Kf2 Bg5 53.Ne2 e5 54.Kf3 e4+ 55.Kf2 Bf6 56.Kg2 Be5 57.Kf2 Bb2
58.Kg2 Ke5 59.Kf2 Bd4+ 60.Nxd4 Kxd4 61.Ke2 e3 62.Ke1 Ke4  0-1

[Event "FSIMA November"]
[Site "Budapest HUN"]
[Date "2008.11.09"]
[Round "9"]
[White "Horvath,And"]
[Black "Kjartansson,G"]
[Result "0-1"]
[WhiteElo "2251"]
[BlackElo "2284"]

1.d4 Nf6 2.c4 e6 3.Nf3 d5 4.g3 Be7 5.Bg2 O-O 6.O-O dxc4 7.Qc2 a6 8.Qxc4 b5
9.Qc2 Bb7 10.Bd2 Be4 11.Qc1 Bb7 12.a3 Nbd7 13.Ba5 Bd6 14.Nbd2 Qc8 15.Qc2 c5
16.Rfc1 Qb8 17.Qd3 c4 18.Qb1 Qa7 19.b3 cxb3 20.Qxb3 Bd5 21.Qd3 Qb7 22.Bb4 Bxb4
23.axb4 Rac8 24.Re1 Ne4 25.Nxe4 Bxe4 26.Ng5 Bxd3 27.Bxb7 Rc7 28.Bxa6 Bc4
29.Ne4 Ra8 30.Nd6 Rca7 31.Nxc4 bxc4 32.b5 Nb6 33.Rec1 Rd8 34.e3 Rc7 35.Rab1 f6
36.Rc3 Kf7 37.Rbc1 e5 38.dxe5 fxe5 39.Kg2 e4 40.g4 Ke6 41.R1c2 Rd3 42.Kf1 Kd5
43.Ke2 Rxc3 44.Rxc3 Kc5 45.f3 exf3+ 46.Kxf3 Kb4 47.Rc1 c3 48.Ke4 Kb3 49.Ke5 Kb2
50.Rg1 c2 51.e4 Re7+ 52.Kd6 Rxe4 53.Kc7 Na4 54.Bb7 Rc4+ 55.Bc6 c1=Q 56.Rxc1 Kxc1  0-1

[Event "FSIMA November"]
[Site "Budapest HUN"]
[Date "2008.11.10"]
[Round "10"]
[White "Naslund,M"]
[Black "Lengyel,B"]
[Result "1/2-1/2"]
[WhiteElo "2243"]
[BlackElo "2309"]

1.d4 d5 2.c4 e6 3.Nf3 Nf6 4.g3 Be7 5.Bg2 O-O 6.O-O dxc4 7.Qc2 a6 8.a4 Bd7
9.Rd1 Bc6 10.Nc3 Bxf3 11.Bxf3 Nc6 12.Bxc6 bxc6 13.a5 Nd5 14.Na2 Qb8 15.Qxc4 Qb5
16.Qxb5 cxb5 17.e4 Nf6 18.Bg5 h6 19.Bxf6 gxf6 20.Rac1 Rfc8 21.Rc6 Kf8 22.Nc1 Ke8
23.Nb3 Kd7 24.Rdc1 Ra7 25.f4 Bd6 26.e5 fxe5 27.dxe5 Bb4 28.Kf2 Rg8 29.Kf3 h5
30.R6c2 Rc8 31.Rc6 Re8 32.Ke4 Rg8 33.Kf3 Rc8 34.Ke4 Rg8 35.Kf3  1/2-1/2

[Event "Autumn"]
[Site "Nea Filadelfia GRE"]
[Date "2008.11.10"]
[Round "7"]
[White "Delithanasis,D"]
[Black "Kostopoulos,E"]
[Result "1-0"]
[WhiteElo "2251"]
[BlackElo "2179"]

1.Nf3 Nf6 2.c4 e6 3.g3 d5 4.d4 Be7 5.Bg2 O-O 6.O-O dxc4 7.Qc2 a6 8.Qxc4 b5
9.Qc2 Bb7 10.Bf4 Bd6 11.Ne5 Bxg2 12.Kxg2 c5 13.Nd2 cxd4 14.Ndf3 Nd5 15.Qe4 Nxf4+
16.gxf4 Nd7 17.Qxd4 Nf6 18.Kh1 Bxe5 19.fxe5 Qxd4 20.Nxd4 Ng4 21.Nc6 f6 22.exf6 Rxf6
23.f3 Ne3 24.Rfc1 Rf4 25.Rc5 Rc4 26.Rc1 Rxc1+ 27.Rxc1 Kf8 28.Rc5 Nd5 29.Nd4 Kf7
30.Rc6 e5 31.Nf5 Ra7 32.Nd6+ Kf8 33.Rc5 Nf6 34.Kg2 Nd7 35.Rc6 Ra8 36.Kf2 g6
37.Ke3 Ke7 38.Ke4 Rf8 39.Kd5 Rf4 40.Ne4 Rh4 41.Rc7 Kd8 42.Kd6 Nb6 43.Kc6 Nc8
44.Rd7+ Ke8 45.Nf6+ Kf8 46.Nxh7+ Ke8 47.Nf6+ Kf8 48.Ng4 Ne7+ 49.Kd6 Ng8 50.Kxe5 Rh5+
51.Ke6 Rc5 52.Ne5 g5 53.Ra7 Rc2 54.Ng6+  1-0

[Event "FSIMA November"]
[Site "Budapest HUN"]
[Date "2008.11.11"]
[Round "11"]
[White "Horvath,And"]
[Black "Denisov,I"]
[Result "1/2-1/2"]
[WhiteElo "2251"]
[BlackElo "2189"]

1.d4 Nf6 2.c4 e6 3.g3 d5 4.Nf3 Be7 5.Bg2 O-O 6.Nbd2 b6 7.O-O Bb7 8.cxd5 exd5
9.Ne5 a5 10.Ndf3 Na6 11.Bf4 c5 12.Rc1 Nc7 13.dxc5 bxc5 14.Qb3 Rb8 15.Qa4 Ne6
16.Bd2 Qb6 17.b3 Ra8 18.Rfe1 Bd6 19.Qh4 Rfe8 20.Be3 Qb4 21.Nd3 Qxh4 22.Nxh4 Rec8
23.Rc2 Ba6 24.Nf5 Bf8 25.Rec1 c4 26.bxc4 Ba3 27.cxd5 Bxc1 28.Ne7+ Kf8 29.Nxc8 Bxe3
30.fxe3 Rxc8 31.Rxc8+ Bxc8 32.dxe6 Bxe6 33.a3 Nd7 34.Kf2 Ke7 35.e4 Kd6 36.Ke3 Ne5
37.Kd4 Nc6+ 38.Kc3 g5 39.Bf3  1/2-1/2

[Event "38th Olympiad"]
[Site "Dresden GER"]
[Date "2008.11.13"]
[Round "1"]
[White "Kim Yongtae"]
[Black "Tologontegin,S"]
[Result "0-1"]
[WhiteElo "1853"]
[BlackElo "2359"]

1.d4 d5 2.c4 e6 3.Nf3 Nf6 4.g3 Be7 5.Bg2 O-O 6.O-O b6 7.Nc3 Bb7 8.Ne5 Nbd7
9.Bf4 c6 10.Rc1 Rc8 11.Qa4 Nxe5 12.dxe5 Nd7 13.h4 d4 14.Ne4 Qc7 15.Rfd1 Nxe5
16.Qxa7 f6 17.c5 b5 18.Nd6 Bxd6 19.cxd6 Qd7 20.Qxd4 Nc4 21.Bh3 c5 22.Qc3 Rfe8
23.b3 Nb6 24.Qd2 Nd5 25.Bg2 b4 26.Rc4 Red8 27.Bxd5 exd5 28.Rc2 Qh3 29.f3 g5
30.hxg5 fxg5 31.Bxg5 Qxg3+ 32.Kf1 Qh3+ 33.Kg1 Rxd6 34.Qf4 Rg6 35.Kf2 Rf8
36.Qe5 h6 37.Bf4 Rg2+ 38.Ke1 Qh4+ 39.Bg3 Qxg3+ 40.Qxg3+ Rxg3 41.Kf2 Rg7 42.Rxc5 Re8
43.Rd4 Rge7 44.Rxb4 Rxe2+ 45.Kg3 R8e7 46.Rg4+ Kh7 47.a4 R2e3 48.b4 d4 49.Rxd4 Rxf3+
50.Kg4 Rg7+ 51.Kh5 Rh3+  0-1

[Event "38th Olympiad"]
[Site "Dresden GER"]
[Date "2008.11.13"]
[Round "1"]
[White "Skoberne,J"]
[Black "Kropff,R"]
[Result "1-0"]
[WhiteElo "2501"]
[BlackElo "2286"]

1.c4 Nf6 2.Nf3 e6 3.g3 d5 4.d4 Be7 5.Bg2 O-O 6.O-O dxc4 7.Qc2 a6 8.Qxc4 b5
9.Qc2 Bb7 10.Bd2 Be4 11.Qc1 Nbd7 12.Ba5 Rc8 13.Nbd2 Ba8 14.Qc2 Qe8 15.b4 Bd6
16.e4 e5 17.Rae1 Qe7 18.a3 g6 19.Nb3 Rfe8 20.dxe5 Bxe5 21.Nc5 Nxc5 22.bxc5 Nd7
23.Bb4 a5 24.Nxe5 Qxe5 25.Bxa5 Qxc5 26.Qb3 Ne5 27.Rb1 Nc4 28.Bb4 Qa7 29.Rfe1 c5
30.Bc3 Qxa3 31.Qc2 Qa6 32.Ba1 Qc6 33.Qc3 f6 34.Rxb5 Ne5 35.Reb1 Nd7 36.f3 Rcd8
37.Bf1 Kg7 38.Qe3 Qe6 39.Rd1 Bc6 40.Ra5 Ra8 41.Rxa8 Rxa8 42.Rc1 Ra4 43.Be2 Qa2
44.Kf1 Qe6 45.Bc3 Ra2 46.Kg1 Qh3 47.e5 fxe5 48.Bxe5+ Nxe5 49.Qxe5+ Kh6 50.Rxc5 Qd7
51.Rc4 Ra4 52.Qe3+ Kg7 53.Qc3+ Kh6 54.Rxc6  1-0

[Event "38th Olympiad w"]
[Site "Dresden GER"]
[Date "2008.11.13"]
[Round "1"]
[White "Javakhishvili,L"]
[Black "Ciuksyte,D"]
[Result "0-1"]
[WhiteElo "2473"]
[BlackElo "2339"]

1.d4 Nf6 2.c4 e6 3.Nf3 d5 4.g3 Be7 5.Bg2 O-O 6.Qc2 c5 7.dxc5 Qa5+ 8.Nbd2 Nc6
9.a3 Qxc5 10.b4 Nd4 11.Nxd4 Qxd4 12.Bb2 Qg4 13.h3 Qh5 14.Bf3 Qh6 15.Nb3 dxc4
16.Qxc4 Nd5 17.e4 Nb6 18.Qe2 e5 19.Na5 Na4 20.Bc1 Bg5 21.Bxg5 Qxg5 22.Qd1 Nc3
23.Qd3 Na4 24.Qd1 Nc3 25.Qd2 Qxd2+ 26.Kxd2 Nb5 27.Ke3 Rb8 28.Bg2 Be6 29.Rhc1 Nd4
30.f4 Rfc8 31.Kd3 b6 32.Rxc8+ Rxc8 33.Nb7 Bc4+ 34.Kd2 Nb3+ 35.Kc3 Be6+ 36.Kb2 Nxa1
37.Kxa1 Rc2  0-1

[Event "38th Olympiad"]
[Site "Dresden GER"]
[Date "2008.11.14"]
[Round "2"]
[White "Villamayor,B"]
[Black "Rizouk,A"]
[Result "1/2-1/2"]
[WhiteElo "2468"]
[BlackElo "2507"]

1.Nf3 Nf6 2.c4 e6 3.g3 d5 4.d4 Be7 5.Bg2 O-O 6.Nbd2 c5 7.cxd5 exd5 8.O-O Nc6
9.dxc5 Bxc5 10.a3 Ne4 11.Nb3 Bb6 12.Nbd4 Qf6 13.Be3 Bg4 14.Nxc6 bxc6 15.Bd4 Qd6
16.b4 Rfe8 17.Rc1 Qh6 18.Rc2 Rac8 19.Qa1 Bxf3 20.exf3 Nd6 21.f4 Nc4 22.a4 Rb8
23.b5 Qg6 24.Rfc1 cxb5 25.Bxd5 Bxd4 26.Qxd4 Rbd8 27.Qc5 Qf5 28.axb5 Rxd5
29.Qxc4 Rxb5 30.Re2 Rbb8 31.Rxe8+ Rxe8 32.Qa6 Qd7  1/2-1/2

[Event "38th Olympiad"]
[Site "Dresden GER"]
[Date "2008.11.15"]
[Round "3"]
[White "Ivanisevic,I"]
[Black "Rizouk,A"]
[Result "1/2-1/2"]
[WhiteElo "2658"]
[BlackElo "2507"]

1.d4 Nf6 2.c4 e6 3.g3 d5 4.Nf3 Be7 5.Bg2 O-O 6.O-O dxc4 7.Qc2 a6 8.Qxc4 b5
9.Qc2 Bb7 10.Bd2 Ra7 11.Rc1 Be4 12.Qb3 Nbd7 13.Ba5 Qb8 14.Nbd2 Ba8 15.Qc2 c5
16.dxc5 Bxc5 17.Nb3 Be4 18.Qd2 Bb6 19.Bxb6 Nxb6 20.Na5 Rd7 21.Qf4 Qa8 22.Ne1 Nbd5
23.Qe5 Bxg2 24.Nxg2 Rc8 25.a3 h6 26.Ne1 Nb6 27.Rxc8+ Qxc8 28.Nd3 Rc7 29.Rd1 Nfd5
30.e4 Nf6 31.b3 Nbd7 32.Qd4 Rc2 33.e5 Nd5 34.Nb4 Nxb4 35.axb4 Rc1 36.Rxc1 Qxc1+
37.Kg2 Qc7 38.Qd6 Qxd6 39.exd6 Kf8 40.Kf3 f5 41.Nb7 Ke8 42.Ke3 e5 43.f4 e4
44.Kd4 g6 45.h3 Kf7 46.Nc5 Nxc5 47.bxc5 Ke6 48.b4 h5 49.Kc3 Kd7 50.Kd4 Ke6
51.Kc3  1/2-1/2

[Event "38th Olympiad"]
[Site "Dresden GER"]
[Date "2008.11.16"]
[Round "4"]
[White "Lopez Falcon,J"]
[Black "Moussa,A"]
[Result "0-1"]
[WhiteElo "2206"]
[BlackElo "2223"]

1.d4 Nf6 2.c4 e6 3.g3 d5 4.Bg2 Be7 5.Nf3 O-O 6.O-O b6 7.Ne5 Bb7 8.Nc3 c6
9.cxd5 cxd5 10.Qa4 Qe8 11.Qb3 Nc6 12.Nxc6 Bxc6 13.Bf4 Qd7 14.Rfc1 b5 15.a3 a5
16.a4 b4 17.Nb1 Rac8 18.Qd1 Ne4 19.f3 Nd6 20.b3 Bf6 21.Be3 Bb7 22.Nd2 Nf5
23.Nf1 e5 24.dxe5 Bxe5 25.Ra2 Nxe3 26.Nxe3 Bd4 27.Qxd4 Rxc1+ 28.Kf2 Rc3 29.Rb2 Qe6
30.f4 Rd8 31.Nxd5 Rxd5 32.Bxd5 Bxd5 33.Rd2 Bc6 34.Qb6 h6 35.Rd8+ Kh7  0-1

[Event "38th Olympiad"]
[Site "Dresden GER"]
[Date "2008.11.19"]
[Round "6"]
[White "Blagojevic,Dr"]
[Black "Moussa,A"]
[Result "1-0"]
[WhiteElo "2522"]
[BlackElo "2223"]

1.d4 Nf6 2.c4 e6 3.g3 d5 4.Nf3 Be7 5.Bg2 O-O 6.O-O dxc4 7.Qc2 a6 8.a4 Ra7
9.Nbd2 Nbd7 10.Nxc4 c5 11.Rd1 cxd4 12.Nxd4 Qc7 13.Bf4 Qc5 14.Nc6 Ng4 15.Nxe7+ Qxe7
16.Bd6 Qf6 17.f3 Nh6 18.Bxf8  1-0

[Event "38th Olympiad w"]
[Site "Dresden GER"]
[Date "2008.11.19"]
[Round "6"]
[White "Pertlova,S"]
[Black "Alderete,J"]
[Result "1-0"]
[WhiteElo "2239"]
[BlackElo "1524"]

1.d4 d5 2.c4 Nf6 3.Nf3 e6 4.g3 Be7 5.Bg2 O-O 6.O-O c5 7.cxd5 exd5 8.Nc3 Nc6
9.Bg5 c4 10.Ne5 h6 11.Bxf6 Bxf6 12.Bxd5 Nxe5 13.dxe5 Bxe5 14.Bxc4 Bxc3 15.Qxd8 Rxd8
16.bxc3 Bh3 17.Rfd1 Rxd1+ 18.Rxd1 Rc8 19.Bd5 Rxc3 20.Bxb7 Rc2 21.Be4 Rc8
22.f3 Be6 23.a4 Kf8 24.a5 Bc4 25.Kf2 Rc5 26.Rc1 Rc8 27.Bb7 Rb8 28.a6 Bb5
29.Rc5 Bd7 30.Rc7 Bb5 31.Bd5 Bxa6 32.Rxf7+ Ke8 33.Rxa7 Bc8 34.Rxg7 Rb6 35.Be4  1-0

[Event "38th Olympiad w"]
[Site "Dresden GER"]
[Date "2008.11.22"]
[Round "9"]
[White "Pertlova,S"]
[Black "Osmanodja,F"]
[Result "1-0"]
[WhiteElo "2239"]
[BlackElo "1939"]

1.d4 Nf6 2.c4 e6 3.g3 d5 4.Nf3 Be7 5.Bg2 O-O 6.O-O b6 7.Nc3 Bb7 8.cxd5 exd5
9.Ne5 Ne4 10.Qc2 Nxc3 11.Qxc3 f6 12.Nd3 Kh8 13.b4 c6 14.a4 a5 15.b5 cxb5
16.axb5 Qd7 17.Ba3 Rc8 18.Qb2 Bxa3 19.Rxa3 Qd6 20.Rc1 Nd7 21.Rac3 Nf8 22.Bh3 Ne6
23.e3 Rxc3 24.Rxc3 Nc7 25.Nc1 a4 26.Bf1 Ra5 27.Qc2 Ne8 28.Bh3 Rxb5 29.Bc8 Bxc8
30.Rxc8 Qe6 31.Rd8 Kg8 32.Qxa4 Qc6 33.Qa8 Qxa8 34.Rxa8 Kf7 35.Ne2 Rb3 36.Nf4 b5
37.Ra7+ Kf8 38.Nxd5 Rb1+ 39.Kg2 b4 40.Ra8 Kf7 41.Rb8 b3 42.Nc3 Rb2 43.Na4 Ra2
44.Nc5 b2 45.Nd3 Nd6 46.Rxb2 Ra3 47.Nc5 f5 48.Nb7 Nxb7 49.Rxb7+ Kf6 50.h3 h5
51.Rb6+ Kf7 52.Rb2 Kf6 53.g4 hxg4 54.hxg4 g6 55.gxf5 gxf5 56.Kg3 Kg5 57.Rb5 Rd3
58.Rd5 Ra3 59.Kf3 Rb3 60.Rd8 Rb2 61.Rg8+ Kf6 62.Rg2 Rd2 63.Kg3 Rd3 64.Kf4 Rd2
65.Kf3 Ra2 66.Rg8 Rd2 67.Rc8 Ra2 68.Rc6+ Ke7 69.Kg3 Re2 70.Rc5 Kf6 71.Re5 Ra2
72.f3 Rd2 73.Kf4  1-0

[Event "38th Olympiad"]
[Site "Dresden GER"]
[Date "2008.11.23"]
[Round "10"]
[White "El Debs,F"]
[Black "Solomon,SJ"]
[Result "1-0"]
[WhiteElo "2447"]
[BlackElo "2470"]

1.Nf3 Nf6 2.c4 e6 3.g3 d5 4.d4 Be7 5.Bg2 O-O 6.O-O dxc4 7.Qc2 a6 8.Qxc4 b5
9.Qc2 Bb7 10.Bd2 Ra7 11.Rc1 Be4 12.Qb3 Nc6 13.e3 Qa8 14.Qd1 b4 15.Qf1 Nb8
16.Ne5 c5 17.f3 Bxb1 18.Raxb1 cxd4 19.f4 Ne4 20.Qd3 f5 21.Qxd4 a5 22.Qc4 Ra6
23.Rc2 Rd8 24.Rbc1 Rad6 25.Be1 Bf6 26.Ng4 Qd5 27.Qxd5 exd5 28.Nxf6+ Rxf6
29.a3 b3 30.Rc8 Rxc8 31.Rxc8+ Rf8 32.Rxf8+ Kxf8 33.Bxa5 Nc6 34.Bb6 Ke7 35.Bf3 Kd6
36.Bd1 Nd2 37.Bd4 Nxd4 38.exd4 Nc4 39.Bxb3 Nxb2 40.Kf2 h6 41.Ke3 g5 42.Kd2 gxf4
43.gxf4 Nc4+ 44.Bxc4 dxc4 45.Kc3 Kd5 46.a4 Ke4 47.a5  1-0

[Event "38th Olympiad w"]
[Site "Dresden GER"]
[Date "2008.11.25"]
[Round "11"]
[White "Lematschko,T"]
[Black "Mijovic,A"]
[Result "1-0"]
[WhiteElo "2195"]
[BlackElo "2176"]

1.d4 d5 2.Nf3 Nf6 3.c4 e6 4.g3 Be7 5.Bg2 O-O 6.O-O c6 7.b3 b6 8.Ne5 Nfd7
9.Nd3 Bb7 10.Ba3 Na6 11.e3 Rc8 12.Bxe7 Qxe7 13.Nd2 Rfd8 14.Qb1 c5 15.cxd5 Bxd5
16.Bxd5 exd5 17.Nf4 Nf8 18.a3 Nc7 19.Qd3 Nce6 20.Ne2 Ng5 21.Rfc1 Ne4 22.Nxe4 dxe4
23.Qa6 Ne6 24.b4 Rc7 25.bxc5 bxc5 26.d5 Rxd5 27.Qc4 Rd2 28.h4 Rcd7 29.Rab1 h6
30.Nc3 f5 31.Rb8+ Kh7 32.Nxe4 Rd1+ 33.Rxd1 Rxd1+ 34.Kh2 Nd8 35.Qc2 Qd7 36.Nxc5 Qd5
37.e4 fxe4 38.Qxe4+ Qxe4 39.Nxe4 Kg6 40.Rb3 Nc6 41.Kg2 Ra1 42.g4 h5 43.Rd3 Ne5
44.Rd6+ Kf7 45.Ng5+ Kf8 46.Ra6 Nxg4 47.Rxa7 g6 48.Ne6+ Ke8 49.Nf4 Ra2 50.Nxg6 Rxf2+
51.Kg3 Rc2 52.a4 Rc3+ 53.Kf4 Rc4+ 54.Kf5 Rc5+ 55.Ke4 Rc4+ 56.Kd5 Ne3+ 57.Kd6 Rd4+
58.Ke6 Re4+ 59.Ne5 Kd8 60.Kd6 Nf5+ 61.Kd5 Rxh4 62.a5 Ra4 63.Nc6+ Kc8 64.Rf7 Ne3+
65.Kc5 Ra1 66.Rh7 Rc1+ 67.Kb5 Rb1+ 68.Ka6 Nc4 69.Rxh5 Nxa5 70.Nxa5 Kd7 71.Rh6 Kc7
72.Nc4 Rb4 73.Nb6 Rb1 74.Nd5+ Kd7 75.Ka5 Ra1+ 76.Kb5 Rb1+ 77.Kc4 Rc1+ 78.Nc3 Ke7
79.Kd4 Kd7 80.Ne4 Rd1+ 81.Ke5 Re1 82.Ra6 Kc7 83.Ra3 Kc6 84.Rc3+ Kd7 85.Rd3+ Kc6
86.Kd4 Rc1 87.Nc3 Rh1 88.Rg3 Rh4+ 89.Ne4 Rh1 90.Rg6+ Kc7 91.Kd5 Rd1+ 92.Ke5 Re1
93.Rg7+ Kc6 94.Rg2 Rc1 95.Rg8 Rh1 96.Rc8+ Kd7 97.Ra8 Rh5+ 98.Kd4 Kc6 99.Ra6+ Kd7
100.Nf6+  1-0

[Event "38th Olympiad w"]
[Site "Dresden GER"]
[Date "2008.11.25"]
[Round "11"]
[White "Dedijer,S"]
[Black "Le Kieu Thien Kim"]
[Result "1/2-1/2"]
[WhiteElo "2049"]
[BlackElo "2291"]

1.d4 Nf6 2.c4 e6 3.g3 d5 4.Bg2 Be7 5.Nf3 c6 6.O-O Nbd7 7.Qc2 O-O 8.b3 b6
9.Rd1 Bb7 10.Nc3 Rc8 11.e4 dxe4 12.Nxe4 c5 13.Nxf6+ Bxf6 14.Ng5 Bxg5 15.Bxb7 Rc7
16.dxc5 bxc5 17.Bg2 Bf6 18.Rb1 Bd4 19.b4 Qe7 20.Ba3 f5 21.bxc5 Bxc5 22.Bb2 e5
23.Bd5+ Kh8 24.Bc1 f4 25.gxf4 exf4 26.Kh1 Nb6 27.Bb2 Qh4 28.Bd4 f3 29.Be5 Qg5
30.Bg3 Bd6 31.Qd2 Qxd2 32.Rxd2 Bxg3 33.hxg3 h6 34.Rc1 Rd8 35.Rdc2 Nxd5 36.cxd5 Rxc2
37.Rxc2 Rxd5 38.Rc8+ Kh7 39.Rf8 Rd3 40.a4 Ra3 41.Rf4 a5 42.Rf5 Rxa4 43.Rxf3 Ra1+
44.Kg2 a4 45.Rf5 a3 46.Ra5 Kg6 47.Ra7 Kf6 48.Kf3 a2 49.Ra5 h5 50.Kg2 g5 51.Ra8 h4
52.gxh4 gxh4 53.Ra3 h3+ 54.Kh2 Ke5 55.Ra8 Ke4 56.Re8+ Kf3 57.Rf8+ Ke2 58.Re8+ Kf1
59.Ra8 Kxf2 60.Rf8+ Ke3 61.Re8+ Kd4 62.Rd8+ Kc5 63.Rc8+ Kb6 64.Ra8  1/2-1/2

[Event "21st Belgrade Trophy"]
[Site "Obrenovac SRB"]
[Date "2008.11.27"]
[Round "1"]
[White "Lisicic,N"]
[Black "Arsic,D"]
[Result "1-0"]
[WhiteElo "2181"]
[BlackElo "1753"]

1.d4 d5 2.c4 e6 3.g3 Nf6 4.Bg2 Be7 5.Nf3 O-O 6.O-O c6 7.Nbd2 Nbd7 8.Qc2 Re8
9.b3 c5 10.Bb2 b6 11.Ne5 Bb7 12.cxd5 Nxe5 13.dxe5 Nxd5 14.a3 Bf8 15.Ne4 Qc7
16.Ng5 g6 17.Ne4 Red8 18.h4 Rac8 19.Rac1 Bh6 20.e3 Nxe3 21.fxe3 Bxe3+ 22.Kh2 Bxc1
23.Nf6+ Kg7 24.Qxc1 Bxg2 25.Kxg2 Qc6+ 26.Kg1 Rd3 27.Qf4 Rc7 28.Bc1 Kf8 29.Qh6+ Ke7
30.Bf4 Rf3 31.Rd1 c4 32.bxc4 Qc5+ 33.Kh1 Qc6 34.Kg1 Qxc4 35.Qf8+ Kxf8 36.Rd8+  1-0

[Event "UTD Invitational IM"]
[Site "Richardson USA"]
[Date "2008.11.29"]
[Round "7"]
[White "Kraai,J"]
[Black "Vaidya,C"]
[Result "1/2-1/2"]
[WhiteElo "2502"]
[BlackElo "2170"]

1.Nf3 d5 2.d4 Nf6 3.c4 e6 4.g3 Be7 5.Bg2 O-O 6.O-O dxc4 7.Qc2 a6 8.a4 c5
9.dxc5 Bxc5 10.Nbd2 Nc6 11.Nxc4 Nb4 12.Qb3 e5 13.Be3 Qe7 14.Bxc5 Qxc5 15.Ncxe5 Be6
16.Qc3 Rac8 17.Qxc5 Rxc5 18.Rfc1 Rfc8 19.Rxc5 Rxc5 20.Rd1 h6 21.h3 Kf8 22.Nd3 Nxd3
23.Rxd3 Rc1+ 24.Kh2 Rb1 25.Rd2 Ne4 26.Rc2 Nxf2 27.a5 Nd1 28.Nd4 Rxb2 29.Rxb2 Nxb2
30.Bxb7 Bc4 31.Kg2 Na4 32.Kf3 Nc5 33.Bc6 g6 34.e4 Ke7 35.Ke3 Kd6 36.Ba8 Nd7
37.Kd2 Nc5 38.Ke3 Nd7 39.Kd2 Nc5 40.Ke3  1/2-1/2